[Event "Prague op 22nd"]
[Site "Prague"]
[Date "2024.01.09"]
[Round "6"]
[White "Zemlicka, Vit"]
[Black "Krstic, Andrija Marko"]
[Result "0-1"]
[WhiteElo "1964"]
[BlackElo "2113"]
[PlyCount "76"]
[EventDate "2024.01.05"]
[EventType "swiss"]
[EventRounds "9"]
[EventCountry "CZE"]
[SourceTitle "CB03_2024"]
[SourceDate "2024.01.17"]
[SourceVersion "1"]
[SourceVersionDate "2024.01.17"]
[SourceQuality "1"]

1. e4 c5 2. Nf3 d6 3. d4 cxd4 4. Nxd4 Nf6 5. Nc3 Nc6 6. Bc4 Qb6 7. Nxc6 bxc6 8. 0-0 g6 9. Qe1 Bg7 10. e5 dxe5 11. Qxe5 Qb4 12. Qe2 0-0 13. a3 Qd6 14. h3 Nd5 15. Ne4 Qe5 16. Rb1 Rb8 17. Qf3 Bf5 18. Re1 Rfd8 19. Bb3 h6 20. c4 Bxe4 21. Qxe4 Qxe4 22. Rxe4 Rxb3 23. cxd5 Rxd5 24. Rxe7 Rd1+ 25. Kh2 Rf1 26. Re2 Rd3 27. g3 Rdd1 28. Rc2 c5 29. Kg2 Bd4 30. b4 c4 31. a4 g5 32. b5 Bb6 33. Kf3 f5 34. Ra1 h5 35. a5 Bc7 36. Rxc4 Be5 37. Rb1 g4+ 38. hxg4 hxg4+ 0-1

[Event "Prague Mencik Memorial 6th"]
[Site "Prague"]
[Date "2023.09.24"]
[Round "4"]
[White "Zemlicka, Vit"]
[Black "Pribyl, Josef"]
[Result "1/2-1/2"]
[WhiteElo "1870"]
[BlackElo "2164"]
[PlyCount "110"]
[EventDate "2023.09.24"]
[EventType "swiss"]
[EventRounds "9"]
[EventCountry "CZE"]
[SourceTitle "EXT 2024"]
[Source "ChessBase"]
[SourceDate "2023.10.10"]
[SourceVersion "1"]
[SourceVersionDate "2023.10.10"]
[SourceQuality "1"]

1. e4 d6 2. d4 Nf6 3. Nc3 c6 4. f4 Qa5 5. Bd3 e5 6. Nf3 Bg4 7. Be3 Nbd7 8. 0-0 Be7 9. h3 Bxf3 10. Qxf3 0-0 11. g4 exf4 12. Qxf4 h6 13. Ne2 Nh7 14. Qf2 Bg5 15. Ng3 Bxe3 16. Qxe3 Qg5 17. Rae1 Qxe3+ 18. Rxe3 g6 19. c3 Rae8 20. Rfe1 Kg7 21. Kg2 Re7 22. Rf3 a6 23. h4 Nhf6 24. Kh3 b5 25. Ref1 Rh8 26. Bc2 h5 27. g5 Ne8 28. Bb3 Rf8 29. R1f2 f6 30. Bc2 fxg5 31. hxg5 Rxf3 32. Rxf3 Rf7 33. Rxf7+ Kxf7 34. Ne2 Ng7 35. Nf4 Ne6 36. Bb3 d5 37. Nxe6 Kxe6 38. exd5+ cxd5 39. Bc2 Kf7 40. Kg3 Nf8 41. a4 Ke6 42. axb5 axb5 43. Kf4 Kd6 44. Kg3 b4 45. cxb4 Kc6 46. Bd3 Ne6 47. Bxg6 Nxg5 48. Bxh5 Kb5 49. Kf4 Ne6+ 50. Ke5 Nc7 51. Kd6 Na6 52. Kxd5 Kxb4 53. Ke6 Nc7+ 54. Ke5 Kb3 55. d5 Nxd5 1/2-1/2

[Event "Ricany op"]
[Site "Ricany"]
[Date "2023.08.26"]
[Round "1"]
[White "Chernyy, Andrey"]
[Black "Zemlicka, Vit"]
[Result "0-1"]
[WhiteElo "1638"]
[BlackElo "1950"]
[PlyCount "42"]
[EventDate "2023.08.26"]
[EventType "swiss"]
[EventRounds "9"]
[EventCountry "CZE"]
[SourceTitle "EXT 2024"]
[Source "ChessBase"]
[SourceDate "2023.10.10"]
[SourceVersion "1"]
[SourceVersionDate "2023.10.10"]
[SourceQuality "1"]

1. e4 g6 2. d4 Bg7 3. Nf3 d6 4. Nc3 a6 5. Bd3 Nc6 6. Be3 Bg4 7. Bc4 Nf6 8. Qd2 e5 9. dxe5 dxe5 10. 0-0-0 0-0 11. Qe2 Nd4 12. Bxd4 exd4 13. h3 Bxf3 14. Qxf3 Nd7 15. Ne2 c5 16. Bd5 Rb8 17. h4 h5 18. Qg3 Ne5 19. Nf4 Qf6 20. Nd3 Nxd3+ 21. Qxd3 b5 0-1

[Event "Pardubice rapid op 34th"]
[Site "Pardubice"]
[Date "2023.07.20"]
[Round "6"]
[White "Zemlicka, Vit"]
[Black "Nytra, Ondrej"]
[Result "1/2-1/2"]
[WhiteElo "1934"]
[BlackElo "2168"]
[PlyCount "60"]
[EventDate "2023.07.19"]
[EventType "swiss (rapid)"]
[EventRounds "9"]
[EventCountry "CZE"]
[SourceTitle "CBM 215 Extra"]
[Source "ChessBase"]
[SourceDate "2023.09.30"]
[SourceVersion "1"]
[SourceVersionDate "2023.09.30"]
[SourceQuality "1"]

1. e4 e5 2. Nf3 Nc6 3. d4 exd4 4. Nxd4 Nf6 5. Nxc6 bxc6 6. e5 Qe7 7. Qe2 Nd5 8. c4 Ba6 9. Nd2 Nb4 10. Nf3 c5 11. b3 0-0-0 12. a3 Nc6 13. Bb2 d5 14. exd6 cxd6 15. 0-0-0 Qxe2 16. Bxe2 f6 17. Rhe1 Ne5 18. Nxe5 dxe5 19. Bg4+ Kc7 20. Rxd8 Kxd8 21. Rd1+ Kc7 22. Rd7+ Kb6 23. Bf3 Bc8 24. Rd8 Kc7 25. Rd1 Bd6 26. Bc3 Bf5 27. Ba5+ Kd7 28. b4 Ke7 29. b5 e4 30. Be2 Be6 1/2-1/2

[Event "Pardubice rapid op 34th"]
[Site "Pardubice"]
[Date "2023.07.20"]
[Round "4"]
[White "Zemlicka, Vit"]
[Black "Pecha, Jan"]
[Result "0-1"]
[WhiteElo "1934"]
[BlackElo "1320"]
[PlyCount "68"]
[EventDate "2023.07.19"]
[EventType "swiss (rapid)"]
[EventRounds "9"]
[EventCountry "CZE"]
[SourceTitle "CBM 215 Extra"]
[Source "ChessBase"]
[SourceDate "2023.09.30"]
[SourceVersion "1"]
[SourceVersionDate "2023.09.30"]
[SourceQuality "1"]

1. e4 b6 2. d4 Bb7 3. Bd3 e6 4. Nf3 Nf6 5. Qe2 c5 6. e5 Nd5 7. c4 Nb4 8. Be4 Bxe4 9. Qxe4 N8c6 10. a3 Na6 11. d5 Nd4 12. Nxd4 cxd4 13. Qxd4 d6 14. 0-0 Nc5 15. Nd2 Be7 16. b4 dxe5 17. Qe3 Bg5 18. Qf3 Na6 19. Ne4 Bxc1 20. Raxc1 exd5 21. cxd5 0-0 22. Rfd1 Nc7 23. Rc6 Nb5 24. Qg3 Nd4 25. Rxd4 exd4 26. h4 Kh8 27. d6 Qe8 28. Rc7 Qxe4 29. Qg5 h6 30. Qg3 Rac8 31. Rxa7 d3 32. d7 Rcd8 33. Qd6 Qe1+ 34. Kh2 d2 0-1

[Event "Pardubice rapid op 34th"]
[Site "Pardubice"]
[Date "2023.07.19"]
[Round "3"]
[White "Mica, Marek"]
[Black "Zemlicka, Vit"]
[Result "1-0"]
[WhiteElo "2307"]
[BlackElo "1934"]
[PlyCount "78"]
[EventDate "2023.07.19"]
[EventType "swiss (rapid)"]
[EventRounds "9"]
[EventCountry "CZE"]
[SourceTitle "CBM 215 Extra"]
[Source "ChessBase"]
[SourceDate "2023.09.30"]
[SourceVersion "1"]
[SourceVersionDate "2023.09.30"]
[SourceQuality "1"]

1. d4 g6 2. c4 Bg7 3. e4 d6 4. Nc3 e5 5. d5 a5 6. g4 Bh6 7. Bxh6 Nxh6 8. Be2 Na6 9. h4 f6 10. h5 g5 11. f3 Qe7 12. Nh3 Bd7 13. Qd2 Nf7 14. Nf2 b6 15. 0-0 0-0 16. Rfc1 Nc5 17. b3 Ra7 18. Rab1 Rfa8 19. Qe3 Qe8 20. Nh1 Nh6 21. Ng3 Kf7 22. Nf1 Kf8 23. Kg2 Kg7 24. Nd2 Nf7 25. Rc2 Nh6 26. Rbc1 Nf7 27. Nb5 Bxb5 28. cxb5 Qd8 29. Rc3 Kh6 30. R1c2 Kg7 31. Qg1 Kh6 32. Nc4 Kg7 33. Ne3 Nh6 34. Qc1 Nf7 35. Nf5+ Kf8 36. a3 Qb8 37. b4 axb4 38. axb4 Ra1 39. Qd2 Nh6 1-0

[Event "Usti nad Labem blitz op"]
[Site "Usti nad Labem"]
[Date "2023.05.07"]
[Round "1"]
[White "Jakoubek, Stepan"]
[Black "Zemlicka, Vit"]
[Result "0-1"]
[WhiteElo "1246"]
[BlackElo "1886"]
[PlyCount "65"]
[EventDate "2023.05.07"]
[EventType "swiss (blitz)"]
[EventRounds "15"]
[EventCountry "CZE"]
[SourceTitle "CBM 214 Extra"]
[Source "ChessBase"]
[SourceDate "2023.07.31"]
[SourceVersion "1"]
[SourceVersionDate "2023.07.31"]
[SourceQuality "1"]

1. d4 g6 2. Nc3 Bg7 3. Bf4 d6 4. e3 Nd7 5. Nf3 e5 6. dxe5 dxe5 7. Bg3 Nh6 8. e4 0-0 9. Bc4 c6 10. 0-0 Qe7 11. Bb3 Nc5 12. Qe2 Nxb3 13. axb3 Bg4 14. h3 Bd7 15. Bh2 f6 16. Qc4+ Be6 17. Qd3 Rad8 18. Qe3 a6 19. Ne2 Nf7 20. Ng3 Bh6 21. Qe2 Qc5 22. Rad1 Bf4 23. Rxd8 Rxd8 24. c4 Qd6 25. Qc2 Qd7 26. b4 h5 27. Ne2 Bh6 28. b3 g5 29. g3 Bxh3 30. Ra1 Bg4 31. Qc3 Nd6 32. Rc1 Nxe4 33. Ra1 0-1

[Event "Usti nad Labem blitz op"]
[Site "Usti nad Labem"]
[Date "2023.05.07"]
[Round "2"]
[White "Zemlicka, Vit"]
[Black "Cech, Jan1111"]
[Result "0-1"]
[WhiteElo "1886"]
[BlackElo "1177"]
[PlyCount "74"]
[EventDate "2023.05.07"]
[EventType "swiss (blitz)"]
[EventRounds "15"]
[EventCountry "CZE"]
[SourceTitle "CBM 214 Extra"]
[Source "ChessBase"]
[SourceDate "2023.07.31"]
[SourceVersion "1"]
[SourceVersionDate "2023.07.31"]
[SourceQuality "1"]

1. e4 e5 2. Nf3 Nc6 3. d4 exd4 4. Nxd4 Bc5 5. Nb3 Bb6 6. Nc3 Nge7 7. Bf4 0-0 8. Qd2 Ng6 9. Be3 f5 10. exf5 Rxf5 11. 0-0-0 d6 12. Bc4+ Kh8 13. Bxb6 axb6 14. Bd3 Rf6 15. Nd5 Re6 16. f4 Re8 17. Kb1 Be6 18. Nc3 Rf8 19. Bxg6 hxg6 20. h4 Bf5 21. h5 Kg8 22. Qd5+ Rf7 23. hxg6 Bxg6 24. g4 Nb4 25. Qc4 Bxc2+ 26. Ka1 Bxd1 27. Rxd1 Nc2+ 28. Kb1 Ne3 29. Qd3 Nxd1 30. Qxd1 Rxf4 31. Nd5 Rc4 32. Qd3 Rxg4 33. Qf5 Rg1+ 34. Kc2 Qf8 35. Qe6+ Qf7 36. Ne7+ Kf8 37. Ng6+ Rxg6 0-1

[Event "Usti nad Labem blitz op"]
[Site "Usti nad Labem"]
[Date "2023.05.07"]
[Round "4"]
[White "Zemlicka, Vit"]
[Black "Masek, Daniel"]
[Result "1-0"]
[WhiteElo "1886"]
[BlackElo "1728"]
[PlyCount "65"]
[EventDate "2023.05.07"]
[EventType "swiss (blitz)"]
[EventRounds "15"]
[EventCountry "CZE"]
[SourceTitle "CBM 214 Extra"]
[Source "ChessBase"]
[SourceDate "2023.07.31"]
[SourceVersion "1"]
[SourceVersionDate "2023.07.31"]
[SourceQuality "1"]

1. e4 c6 2. d4 d5 3. exd5 cxd5 4. c4 Nf6 5. Nc3 Nc6 6. Nf3 Bg4 7. cxd5 Nxd5 8. Qb3 Nxc3 9. bxc3 Qc7 10. Bb5 Bd7 11. 0-0 a6 12. Bd3 e6 13. Re1 Bd6 14. Qc2 b5 15. d5 Ne5 16. Be4 Nxf3+ 17. Bxf3 Rc8 18. Bb2 0-0 19. g3 b4 20. Rac1 bxc3 21. Bxc3 exd5 22. Qd2 Bc6 23. Bd4 Qb7 24. Rc2 Rc7 25. Rec1 Rfc8 26. Qe2 Re7 27. Qd2 Rec7 28. Bb2 Ba4 29. Rxc7 Rxc7 30. Rxc7 Bxc7 31. Qd4 f6 32. Bc3 Bb5 33. Bxd5+ 1-0

[Event "Usti nad Labem blitz op"]
[Site "Usti nad Labem"]
[Date "2023.05.07"]
[Round "9"]
[White "Zemlicka, Vit"]
[Black "Rubes, Jan"]
[Result "0-1"]
[WhiteElo "1886"]
[BlackElo "2435"]
[PlyCount "56"]
[EventDate "2023.05.07"]
[EventType "swiss (blitz)"]
[EventRounds "15"]
[EventCountry "CZE"]
[SourceTitle "CBM 214 Extra"]
[Source "ChessBase"]
[SourceDate "2023.07.31"]
[SourceVersion "1"]
[SourceVersionDate "2023.07.31"]
[SourceQuality "1"]

1. e4 c5 2. Nf3 d6 3. d4 cxd4 4. Nxd4 Nf6 5. Nc3 Nc6 6. f3 e5 7. Nb3 Be7 8. Be3 0-0 9. Qd2 Be6 10. 0-0-0 a5 11. a4 Nb4 12. g4 Rc8 13. Kb1 d5 14. g5 d4 15. gxf6 Bxf6 16. Bd3 dxe3 17. Qxe3 Bg5 18. Qe2 Qe7 19. h4 Bf4 20. Qg2 Rfd8 21. Nc1 Bxc1 22. Rxc1 Nxd3 23. cxd3 Rxd3 24. Nb5 Rxc1+ 25. Rxc1 g6 26. Qc2 Rxf3 27. Nc7 Kg7 28. Qd1 Rh3 0-1

[Event "Usti nad Labem rapid op"]
[Site "Usti nad Labem"]
[Date "2023.05.06"]
[Round "3"]
[White "Vrana, Frantisek"]
[Black "Zemlicka, Vit"]
[Result "1-0"]
[WhiteElo "2101"]
[BlackElo "1931"]
[PlyCount "61"]
[EventDate "2023.05.06"]
[EventType "swiss (rapid)"]
[EventRounds "7"]
[EventCountry "CZE"]
[SourceTitle "CBM 214 Extra"]
[Source "ChessBase"]
[SourceDate "2023.07.31"]
[SourceVersion "1"]
[SourceVersionDate "2023.07.31"]
[SourceQuality "1"]

1. e4 e5 2. Nf3 Nc6 3. Bb5 Nge7 4. 0-0 g6 5. c3 a6 6. Bc4 Bg7 7. d4 exd4 8. cxd4 b5 9. Bb3 Na5 10. Bc2 0-0 11. d5 d6 12. Nd4 c5 13. dxc6 Nexc6 14. Be3 Qf6 15. Nxc6 Nxc6 16. Nc3 Bb7 17. Bb3 Ne7 18. Qd3 b4 19. Na4 Rad8 20. Qc4 d5 21. Qxb4 Bc6 22. Bc5 Rfe8 23. Rad1 Bb5 24. Rfe1 Nc6 25. Qa3 dxe4 26. Nc3 Qf5 27. Nd5 Qe5 28. Bb6 Rd7 29. Nf6+ Bxf6 30. Rxd7 Nd4 31. Rd8 1-0

[Event "Prague Summer op-A 5th"]
[Site "Prague"]
[Date "2018.08.07"]
[Round "6"]
[White "Zemlicka, Vit"]
[Black "Vanek, Ladislav"]
[Result "0-1"]
[WhiteElo "1975"]
[BlackElo "2271"]
[PlyCount "86"]
[EventDate "2018.08.03"]
[EventType "swiss"]
[EventRounds "9"]
[EventCountry "CZE"]
[SourceTitle "CBM 185 Extra"]
[Source "ChessBase"]
[SourceDate "2018.07.29"]
[SourceVersion "1"]
[SourceVersionDate "2018.07.29"]
[SourceQuality "1"]

1. e4 b6 2. d4 Bb7 3. Bd3 e6 4. Qe2 Nf6 5. Nf3 d5 6. e5 Ne4 7. Nbd2 Nxd2 8. Bxd2 c5 9. c3 Qc8 10. b4 Ba6 11. b5 c4 12. Bxh7 Rxh7 13. Ng5 Rh8 14. Qf3 Qd7 15. bxa6 Ba3 16. 0-0 Nxa6 17. Qg4 0-0-0 18. f4 g6 19. Bc1 Bxc1 20. Rfxc1 Nc7 21. a4 Kb7 22. Rcb1 Rb8 23. Qe2 Ka8 24. Qb2 Rb7 25. Qa3 Rhb8 26. Rb2 b5 27. axb5 Nxb5 28. Qa5 Qc6 29. Rab1 Qb6 30. Qa1 Qc7 31. Nf3 Rb6 32. Ne1 R8b7 33. Nc2 Qb8 34. Ra2 Nc7 35. Nb4 Qd8 36. Rc1 Qh4 37. g3 Qh5 38. Kg2 Qf5 39. Qb1 Qxb1 40. Rxb1 Nb5 41. Na6 Nxc3 42. Rxb6 Rxb6 43. Rc2 Nb5 0-1

[Event "Prague Summer op-A 5th"]
[Site "Prague"]
[Date "2018.08.05"]
[Round "3"]
[White "Kizatbay, Abyl"]
[Black "Zemlicka, Vit"]
[Result "1-0"]
[WhiteElo "2205"]
[BlackElo "1975"]
[PlyCount "143"]
[EventDate "2018.08.03"]
[EventType "swiss"]
[EventRounds "9"]
[EventCountry "CZE"]
[SourceTitle "CBM 185 Extra"]
[Source "ChessBase"]
[SourceDate "2018.07.29"]
[SourceVersion "1"]
[SourceVersionDate "2018.07.29"]
[SourceQuality "1"]

1. e4 e5 2. Nf3 Nc6 3. Bb5 a6 4. Ba4 Nf6 5. d3 d6 6. a3 g6 7. 0-0 Bg7 8. c3 0-0 9. Re1 Re8 10. Nbd2 b5 11. Bc2 d5 12. a4 b4 13. a5 Rb8 14. Ba4 Bd7 15. Nb3 Na7 16. Nc5 Bxa4 17. Qxa4 Qd6 18. cxb4 Nb5 19. Bd2 Nd7 20. Rac1 Nxc5 21. Rxc5 c6 22. Qc2 Na7 23. Rc1 Rb7 24. Qa4 Rd8 25. Re1 Rb5 26. Rec1 Rb7 27. Bc3 Rb5 28. Be1 h6 29. h3 Rb7 30. Qc2 Kh7 31. g4 Qe6 32. Kg2 Bf8 33. exd5 cxd5 34. Rc7 Rd7 35. Rxd7 Rxd7 36. d4 f6 37. dxe5 fxe5 38. Qe2 Bd6 39. Bc3 Rc7 40. Qxa6 d4 41. Bd2 Rf7 42. Qc4 Qf6 43. Qd5 Nb5 44. Qe4 Qe7 45. h4 Kg7 46. Re1 Qf8 47. Re2 Re7 48. Qd5 Qb8 49. h5 g5 50. Qe4 Qe8 51. Re1 Re6 52. Rc1 Be7 53. Qd5 Bf6 54. Qb7+ Re7 55. Qe4 Re6 56. Ne1 Nd6 57. Qc6 Qf7 58. a6 Nf5 59. Qb7 Re7 60. Qe4 Nh4+ 61. Kg3 Qe6 62. Qd3 e4 63. Qc4 Be5+ 64. Kh3 Qf6 65. Qe2 d3 66. Qe3 Bd4 67. Qxd4 Qxd4 68. Bc3 Qxc3 69. bxc3 d2 70. Rd1 dxe1Q 71. Rxe1 Nf3 72. Ra1 1-0

[Event "Tatry op"]
[Site "Tatranska Lomnica"]
[Date "2017.10.12"]
[Round "6"]
[White "Zemlicka, Vit"]
[Black "Franzen, Jozef"]
[Result "1/2-1/2"]
[WhiteElo "2021"]
[BlackElo "2265"]
[PlyCount "115"]
[EventDate "2017.10.08"]
[EventType "swiss"]
[EventRounds "9"]
[EventCountry "SVK"]
[SourceTitle "CBM 181 Extra"]
[Source "ChessBase"]
[SourceDate "2017.12.12"]
[SourceVersion "1"]
[SourceVersionDate "2017.12.12"]
[SourceQuality "1"]

1. e4 e5 2. Nf3 Nc6 3. d4 exd4 4. Nxd4 Bc5 5. Nb3 Bb4+ 6. c3 Be7 7. Bd3 Nf6 8. 0-0 d6 9. f4 0-0 10. N1d2 Re8 11. Nf3 Bf8 12. Qc2 g6 13. Bd2 Bg7 14. Rae1 b6 15. Nbd4 Bb7 16. e5 dxe5 17. Nxc6 Bxc6 18. Nxe5 Bb7 19. Bc1 Qd6 20. Kh1 Rad8 21. Bb5 c6 22. Bc4 Nd5 23. Qf2 Re7 24. Bxd5 Qxd5 25. c4 Qd6 26. b3 c5 27. Bb2 Rde8 28. Rd1 Qc7 29. Rd2 Qc8 30. Qh4 h5 31. Rfd1 Qf5 32. h3 Bf6 33. Qg3 Kh7 34. Nf3 Re2 35. Bxf6 Qxf6 36. Rxe2 Rxe2 37. Rd7 Re7 38. Ng5+ Kg7 39. Rxe7 Qxe7 40. Qc3+ Kg8 41. Qd2 f6 42. Nf3 Bxf3 43. gxf3 Qe6 44. Kg2 Kf7 45. h4 Qf5 46. Kg3 Ke7 47. Qe3+ Kf7 48. Qd2 Qe6 49. Kg2 Qf5 50. Kg3 Ke7 51. Kg2 Qd7 52. Qe3+ Kf7 53. Kg3 a6 54. a4 a5 55. Qe4 Kg7 56. Qe3 Qd6 57. Kg2 Kf7 58. Qe4 1/2-1/2

[Event "Reykjavik op"]
[Site "Reykjavik"]
[Date "2017.04.26"]
[Round "9"]
[White "Zemlicka, Vit"]
[Black "Mesman, Edwyn"]
[Result "0-1"]
[WhiteElo "1984"]
[BlackElo "2199"]
[PlyCount "44"]
[EventDate "2017.04.19"]
[EventType "swiss"]
[EventRounds "10"]
[EventCountry "ISL"]
[SourceTitle "CBM 178 Extra"]
[Source "ChessBase"]
[SourceDate "2017.06.22"]
[SourceVersion "1"]
[SourceVersionDate "2017.06.22"]
[SourceQuality "1"]

1. e4 c5 2. Nf3 d6 3. d4 cxd4 4. Nxd4 Nf6 5. Nc3 a6 6. Be3 e5 7. Nb3 Be6 8. f3 Be7 9. Qd2 0-0 10. 0-0-0 a5 11. a4 Nc6 12. g4 Nb4 13. Kb1 Rc8 14. g5 Nh5 15. Rg1 f5 16. gxf6 Nxf6 17. Bb5 Bf7 18. Qf2 Nxe4 19. Nxe4 Rxc2 20. Nbd2 Qc8 21. Nc3 Qf5 22. Nce4 Rxb2+ 0-1

[Event "Reykjavik op"]
[Site "Reykjavik"]
[Date "2017.04.22"]
[Round "5"]
[White "Ptacnikova, Lenka"]
[Black "Zemlicka, Vit"]
[Result "1-0"]
[WhiteElo "2242"]
[BlackElo "1984"]
[PlyCount "83"]
[EventDate "2017.04.19"]
[EventType "swiss"]
[EventRounds "10"]
[EventCountry "ISL"]
[SourceTitle "CBM 178 Extra"]
[Source "ChessBase"]
[SourceDate "2017.06.22"]
[SourceVersion "1"]
[SourceVersionDate "2017.06.22"]
[SourceQuality "1"]

1. c4 Nf6 2. g3 g6 3. Bg2 Bg7 4. Nc3 0-0 5. d3 d6 6. e4 c5 7. Nge2 Nc6 8. 0-0 a6 9. h3 Rb8 10. f4 Ne8 11. f5 b5 12. g4 bxc4 13. dxc4 Nd4 14. Kh1 e6 15. Nxd4 Bxd4 16. Qf3 Nc7 17. Bh6 Bg7 18. Bxg7 Kxg7 19. f6+ Kh8 20. b3 Bb7 21. Rad1 Qd7 22. g5 e5 23. h4 Rbd8 24. Bh3 Qe8 25. Rd3 Ne6 26. Bxe6 Qxe6 27. Rfd1 Rd7 28. Kh2 Rc8 29. Kg3 Kg8 30. R1d2 Bc6 31. Qd1 Rcd8 32. h5 h6 33. Nd5 Bxd5 34. cxd5 Qe8 35. Qg4 Rb7 36. Rh2 Qd7 37. hxg6 Qxg4+ 38. Kxg4 fxg6 39. Rxh6 Rh7 40. Rxh7 Kxh7 41. Rh3+ Kg8 42. Rh6 1-0

[Event "Hasselbacken op"]
[Site "Stockholm"]
[Date "2016.05.07"]
[Round "8"]
[White "Zemlicka, Vit"]
[Black "Jogstad, Martin"]
[Result "0-1"]
[WhiteElo "1970"]
[BlackElo "2176"]
[PlyCount "54"]
[EventDate "2016.04.30"]
[EventType "swiss"]
[EventRounds "9"]
[EventCountry "SWE"]
[SourceTitle "CBM 172 Extra"]
[Source "ChessBase"]
[SourceDate "2016.06.21"]
[SourceVersion "1"]
[SourceVersionDate "2016.06.21"]
[SourceQuality "1"]

1. e4 e6 2. d4 d5 3. Nc3 Bb4 4. e5 c5 5. a3 Bxc3+ 6. bxc3 Ne7 7. Qg4 Qc7 8. Qxg7 Rg8 9. Qxh7 cxd4 10. Ne2 Nbc6 11. f4 Bd7 12. Qd3 dxc3 13. Qxc3 0-0-0 14. Rb1 Nf5 15. Rg1 d4 16. Qd3 Na5 17. g4 Ba4 18. c3 Nh4 19. Rg3 Qc6 20. Nxd4 Rxd4 21. Qxd4 Rd8 22. Qe3 Rd1+ 23. Kf2 Qh1 24. Rg1 Qxh2+ 25. Rg2 Rxf1+ 26. Kxf1 Qxg2+ 27. Ke1 Nf3+ 0-1

[Event "Hasselbacken op"]
[Site "Stockholm"]
[Date "2016.05.05"]
[Round "6"]
[White "Rahul, Kumar Pune"]
[Black "Zemlicka, Vit"]
[Result "0-1"]
[WhiteElo "2225"]
[BlackElo "1970"]
[PlyCount "78"]
[EventDate "2016.04.30"]
[EventType "swiss"]
[EventRounds "9"]
[EventCountry "SWE"]
[SourceTitle "CBM 172 Extra"]
[Source "ChessBase"]
[SourceDate "2016.06.21"]
[SourceVersion "1"]
[SourceVersionDate "2016.06.21"]
[SourceQuality "1"]

1. Nf3 Nf6 2. d4 g6 3. Bg5 Bg7 4. Nbd2 0-0 5. e4 d6 6. Bd3 c5 7. c3 cxd4 8. cxd4 h6 9. Bh4 Nh5 10. 0-0 Nf4 11. Bc4 Nc6 12. Nb3 a6 13. a4 Bg4 14. Qd2 Nh5 15. Be2 Qb6 16. Ra3 g5 17. Nxg5 Bxe2 18. Qxe2 hxg5 19. Bxg5 Nf6 20. a5 Qb5 21. Qe3 Nxe4 22. Qxe4 Qxg5 23. f4 d5 24. Qd3 Qf6 25. Ra4 Rac8 26. Nc5 Rc7 27. Nb3 Rfc8 28. f5 Na7 29. Raa1 Nb5 30. Rf4 Nd6 31. h4 Ne4 32. Qh3 Qh6 33. Raf1 Bf6 34. Qe3 Kh7 35. Nc1 Rxc1 36. Rxc1 Bxd4 37. Qxd4 Rxc1+ 38. Rf1 Rxf1+ 39. Kxf1 Qc1+ 0-1

[Event "Hasselbacken op"]
[Site "Stockholm"]
[Date "2016.05.04"]
[Round "5"]
[White "Zemlicka, Vit"]
[Black "Kaasen, Tor Fredrik"]
[Result "1/2-1/2"]
[WhiteElo "1970"]
[BlackElo "2177"]
[PlyCount "75"]
[EventDate "2016.04.30"]
[EventType "swiss"]
[EventRounds "9"]
[EventCountry "SWE"]
[SourceTitle "CBM 172 Extra"]
[Source "ChessBase"]
[SourceDate "2016.06.21"]
[SourceVersion "1"]
[SourceVersionDate "2016.06.21"]
[SourceQuality "1"]

1. e4 e6 2. d4 d5 3. Nc3 Nf6 4. e5 Nfd7 5. f4 c5 6. Nf3 Nc6 7. Be3 a6 8. Qd2 b5 9. dxc5 Bxc5 10. 0-0-0 Qb6 11. Bxc5 Nxc5 12. Bd3 b4 13. Ne2 a5 14. Ned4 Ba6 15. Nxc6 Qxc6 16. Kb1 b3 17. a3 bxc2+ 18. Qxc2 Rc8 19. Nd4 Qb7 20. Bxa6 Qxa6 21. Qe2 Qxe2 22. Nxe2 Ne4 23. Rc1 Kd7 24. Rxc8 Rxc8 25. Rc1 Nd2+ 26. Ka2 Nc4 27. b3 Ne3 28. Rxc8 Kxc8 29. g3 Nf1 30. h3 d4 31. Nxd4 Nxg3 32. Kb2 Ne4 33. Kc2 Kb7 34. b4 Kb6 35. Kd3 Nf2+ 36. Ke2 Ne4 37. Kd3 Nf2+ 38. Ke2 1/2-1/2

[Event "Hasselbacken op"]
[Site "Stockholm"]
[Date "2016.04.30"]
[Round "1"]
[White "Blomqvist, Erik"]
[Black "Zemlicka, Vit"]
[Result "1-0"]
[WhiteElo "2515"]
[BlackElo "1970"]
[PlyCount "97"]
[EventDate "2016.04.30"]
[EventType "swiss"]
[EventRounds "9"]
[EventCountry "SWE"]
[SourceTitle "CBM 172 Extra"]
[Source "ChessBase"]
[SourceDate "2016.06.21"]
[SourceVersion "1"]
[SourceVersionDate "2016.06.21"]
[SourceQuality "1"]

1. e4 e5 2. Nf3 Nc6 3. Bb5 a6 4. Ba4 Nf6 5. 0-0 Be7 6. d3 b5 7. Bb3 0-0 8. Nc3 d6 9. a3 Bg4 10. Be3 Nd4 11. Bxd4 exd4 12. Nd5 c5 13. h3 Be6 14. Nxf6+ Bxf6 15. Bxe6 fxe6 16. Qe2 Qc7 17. a4 Qf7 18. Ra2 Be5 19. axb5 axb5 20. Rfa1 Rxa2 21. Rxa2 Qb7 22. Ng5 h6 23. Nf3 Ra8 24. Rxa8+ Qxa8 25. Qd1 Bf6 26. g3 Qa7 27. h4 Qa2 28. b3 Qa5 29. Kg2 Qa8 30. Ng1 Qa2 31. Nh3 Be5 32. Qe2 Qa8 33. Qh5 c4 34. f4 cxd3 35. cxd3 Qa2+ 36. Nf2 Bxf4 37. gxf4 Qxb3 38. Qe8+ Kh7 39. Qd7 b4 40. f5 exf5 41. exf5 Kh8 42. Qxd6 Qc3 43. f6 gxf6 44. Qxf6+ Kh7 45. h5 Qd2 46. Qe7+ Kh8 47. Qd8+ Kh7 48. Qxd4 Qc3 49. Qxc3 1-0

[Event "CZE-chT2B 1516"]
[Site "Czech Republic"]
[Date "2016.04.17"]
[Round "11.6"]
[White "Krutsky, Martin"]
[Black "Zemlicka, Vit"]
[Result "1/2-1/2"]
[WhiteElo "2044"]
[BlackElo "1970"]
[PlyCount "89"]
[EventDate "2015.10.18"]
[EventType "team-tourn"]
[EventRounds "11"]
[EventCountry "CZE"]
[SourceTitle "EXT 2022"]
[Source "ChessBase"]
[SourceDate "2021.10.06"]
[SourceVersion "1"]
[SourceVersionDate "2021.10.06"]
[SourceQuality "1"]
[WhiteTeam "Teplice"]
[BlackTeam "Unichess II"]
[WhiteTeamCountry "CZE"]
[BlackTeamCountry "CZE"]

1. e4 e5 2. Nf3 Nc6 3. Bb5 a6 4. Ba4 Nf6 5. 0-0 Be7 6. Re1 b5 7. Bb3 0-0 8. a4 b4 9. a5 d6 10. d3 Be6 11. d4 Bxb3 12. cxb3 Nxd4 13. Nxd4 exd4 14. Qxd4 d5 15. exd5 Qxd5 16. Qxd5 Nxd5 17. Nd2 Rfe8 18. Nc4 Bf6 19. Bd2 Kf8 20. Kf1 Rad8 21. Re2 Rxe2 22. Kxe2 Bd4 23. Re1 Re8+ 24. Kf3 Rxe1 25. Bxe1 f5 26. Bd2 Kf7 27. Ne3 Bxe3 28. fxe3 Ke6 29. e4 fxe4+ 30. Kxe4 c5 31. Bg5 Kd6 32. g4 Ke6 33. h4 Kd6 34. Bd8 Ke6 35. Bg5 Kd6 36. Kf5 g6+ 37. Ke4 Ke6 38. Bd8 Kd6 39. h5 Ke6 40. hxg6 hxg6 41. Bh4 Kd6 42. Bf2 Nf6+ 43. Kf4 Kd5 44. Bg1 Nd7 45. Be3 1/2-1/2